000 00851nam a2200265 a 4500
001 BRCA_1059
003 FranzMayer
005 20230918125027.0
008 070508s1999----fi-a---###---#000-0#eng-#
020 _a9511160044
040 _cmfm
041 _aeng
_hfin
050 4 _aNK1471.F5
_b.S74 1999
100 1 _aStenros, Anne
_93488
245 1 0 _aVisions of Modern Finnish Desing
_cedited by Anne Stenros.
260 _aKeuruu, Finlandia
_bOtava Publishing Company
_c1999
300 _a163 p.
_bil. (algunas a color)
_c28 cm.
500 _aUn ejemplar en Anexo 1
500 _aIncluye índice de nombres
504 _aBibliografía : p. 160-161
650 1 4 _aDiseño
_xHistoria
_ySiglo XX
_zFinlandia
_93417
650 1 4 _aArtes decorativas
_xHistoria
_ySiglo XX
_zFinlandia
_93489
650 1 4 _aDiseño industrial
_zFinlandia
_93490
942 _2lcc
_cB
999 _c938
_d938